000 00646nam a2200253Ia 4500
003 OSt
005 20220918165355.0
006 a|||||r|||| 00| 0
007 ta
008 220917b |||||||| |||| 00| 0 eng d
020 _a465043275
024 _a3,326
037 _cTextual
040 _aARTS
_cARTS
_beng
041 _2eng
_aeng
082 _aY2, L51
100 _aShorter Edward
_923999
245 0 _aMaking of the modern family
260 _aNew York
_bBasic Books
_c1975
300 _axiv,369p Bibliography
_ccm.
650 _aSOCIOLOGY
942 _hY2, L51
_cTEXL
_2CC
999 _c129564
_d129564